ბათუმის შოთა რუსთაველის სახელმწიფო უნივერსიტეტის ბიბლიოთეკა

Le nouvel edito.Niveau B 1. Cahier d'exercices. (ბიბ.ჩანაწერი № 50803)

000 -LEADER
fixed length control field 00776nam a2200253Ia 4500
001 - CONTROL NUMBER
control field 17756
003 - CONTROL NUMBER IDENTIFIER
control field GE_BSU
008 - FIXED-LENGTH DATA ELEMENTS--GENERAL INFORMATION
fixed length control field 181216s||||||||xx |||||||||||||| ||und||
020 ## - INTERNATIONAL STANDARD BOOK NUMBER
International Standard Book Number 9780078072804
040 ## - CATALOGING SOURCE
Transcribing agency GE_BSU
080 ## - UNIVERSAL DECIMAL CLASSIFICATION NUMBER
Universal Decimal Classification number 811.133.1
100 ## - MAIN ENTRY--PERSONAL NAME
Personal name Elodie, heu. Perrand, Marion
245 ## - TITLE STATEMENT
Title Le nouvel edito.Niveau B 1. Cahier d'exercices.
245 ## - TITLE STATEMENT
Remainder of title Des entrainements complementaires pour renforcer ses acquis en. Grammaire. Vocabulaire. Comprehensionet production ecrite.
260 ## - PUBLICATION, DISTRIBUTION, ETC.
Place of publication, distribution, etc. Paris
260 ## - PUBLICATION, DISTRIBUTION, ETC.
Name of publisher, distributor, etc. Didier
260 ## - PUBLICATION, DISTRIBUTION, ETC.
Date of publication, distribution, etc. 2012
300 ## - PHYSICAL DESCRIPTION
Extent 142p.20cm.
653 ## - INDEX TERM--UNCONTROLLED
Uncontrolled term Des entrainements complementaires pour renforcer ses acquis en
653 ## - INDEX TERM--UNCONTROLLED
Uncontrolled term Le nouvel edito
653 ## - INDEX TERM--UNCONTROLLED
Uncontrolled term ფრანგული ენა
942 ## - ADDED ENTRY ELEMENTS (KOHA)
Koha item type წიგნი
ეგზემპლარები
Withdrawn status Lost status Damaged status Not for loan Date acquired Barcode Date last seen Price effective from Koha item type
        2018-12-17 24-ქსეროქსი 2018-12-17 2018-12-17 წიგნი